Between democracy & nation : (Record no. 41391)

MARC details
000 -LEADER
fixed length control field 00767nam a22002057a 4500
005 - DATE AND TIME OF LATEST TRANSACTION
control field 20100812143735.0
010 ## - LCCN (DPL NO)
LC control number ENG-99933
020 ## - INTERNATIONAL STANDARD BOOK NUMBER
International Standard Book Number 8188965464
Terms of availability 375.00
035 ## - SYSTEM CONTROL NUMBER
System control number EN-83465
037 ## - SOURCE OF ACQUISITION
Source of stock number/acquisition DBAD/PUB
082 ## - DEWEY DECIMAL CLASSIFICATION NUMBER
Classification number 306.2709546
100 ## - MAIN ENTRY--PERSONAL NAME
Personal name Kazi,Seema
245 ## - TITLE STATEMENT
Title Between democracy & nation :
Remainder of title gender and militarisation in Kashmir /
Statement of responsibility, etc by Seema Kazi
260 ## - PUBLICATION, DISTRIBUTION, ETC. (IMPRINT)
Place of publication, distribution, etc New Delhi
Name of publisher, distributor, etc Women Unlimited
Date of publication, distribution, etc 2009
270 ## - ADDRESS
Address K-36, Hauz Khas Enclave
City New Delhi
Postal code 110016
300 ## - PHYSICAL DESCRIPTION
Extent xxix,222p
Dimensions 21cm(Hb)
500 ## - GENERAL NOTE
General note Includes bibliographical references
942 ## - ADDED ENTRY ELEMENTS (KOHA)
Source of classification or shelving scheme Dewey Decimal Classification
Item type English Books
Classification part 306.2709546
Call number suffix KAZ
Holdings
Withdrawn status Lost status Not for loan Collection code Home library Current library Date acquired Source of acquisition Cost, normal purchase price Full call number Barcode Copy number Cost, replacement price Koha item type
    Not For Loan Non-fiction D.B.Act.Division D.B.Act.Division 12/08/2010 DBAD/PUB 375.00 306.2709546 KAZ EN-83465 1 375.00 English Books

© Delhi Public Library
Hit Counter
free hit counter